Statistics for Most Popular Dining Brands in the UK

Click here to take the quiz!

General Stats

  • This quiz has been taken 29 times
  • The average score is 15 of 30

Answer Stats

Type of EstablishmentAnswer% Correct
CoffeeStarbucks
100%
BurgerBurger King
97%
BurgerMcDonalds
97%
ChickenKFC
90%
PizzaDomino's
86%
PizzaPizza Hut
83%
CoffeeCosta
79%
BakeryGreggs
76%
DoughnutsKrispy Kreme
72%
SandwichSubway
72%
PubWetherspoons
69%
ChickenNando's
59%
PizzaPizza Express
59%
CoffeeCaffe Nero
52%
BurgerFive Guys
52%
PizzaPapa Johns
41%
JapaneseWagamama
41%
CarveryToby Carvery
38%
BakeryPret a Manger
34%
CookiesMillie's Cookies
31%
Fish & ChipsHarry Ramsden
28%
ItalianFrankie and Benny's
24%
PubHarvester
24%
ItalianZizzi
24%
ItalianBella Italia
21%
BurgerWimpy
14%
AmericanTGI Fridays
10%
PubMiller & Carter
7%
CakePatisserie Valerie
7%
CafeHard Rock Cafe
3%

Score Distribution

Percentile by Number Answered

Percent of People with Each Score

Your Score History

You have not taken this quiz